000 00507nam a2200193 a 4500
001 1769940913360
003 YourLibrary
005 20260201163841.0
008 260201s1997##################000#0#eng##
020 _a9780335194063
082 0 4 _a305.2350
_bHEY
100 1 _aHey, Valerie,
_eauthor.
245 1 0 _aThe Company She Keeps :
260 _bMcGraw-Hill Education (UK),
_c1997.
300 _a178 pages
650 0 _aSocial Science.
942 _cENGLISH
040 _aYourLibrary
_beng
_cYourLibrary
999 _c609832
_d609832